Manažerské účetnictví: vývoj ve světle změn podnikatelského prostředí a manažerských potřeb
Vymedzenie základných tendencií ovplyvňujúce vývoj manažérskeho účtovníctva. Manažérske účtovníctvo a jeho vzťahy k ostatným účtovným subsystémom. Štruktúra manažérskeho účtovníctva. Vzájomný vzťah finančného, daňového a manažérskeho účtovníctva. Vzťah manažérskeho účtovníctva a kontrolingu.
Gespeichert in:
| 1. Verfasser: | |
|---|---|
| Format: | Buchkapitel |
| Sprache: | Tschechisch |
| Schlagworte: | |
| Tags: |
Keine Tags, Fügen Sie das erste Tag hinzu!
|
MARC
| LEADER | 00000naa$a2200000$$$4500 | ||
|---|---|---|---|
| 001 | 0040003 | ||
| 005 | 20240411081201.5 | ||
| 041 | 0 | |a cze | |
| 044 | |a CZ | ||
| 245 | 1 | 0 | |a Manažerské účetnictví: vývoj ve světle změn podnikatelského prostředí a manažerských potřeb |c Bohumil Král |
| 520 | |a Vymedzenie základných tendencií ovplyvňujúce vývoj manažérskeho účtovníctva. Manažérske účtovníctvo a jeho vzťahy k ostatným účtovným subsystémom. Štruktúra manažérskeho účtovníctva. Vzájomný vzťah finančného, daňového a manažérskeho účtovníctva. Vzťah manažérskeho účtovníctva a kontrolingu. | ||
| 610 | 2 | 0 | |a prostredie podnikateľské |
| 610 | 2 | 0 | |a účtovníctvo manažérske |
| 610 | 2 | 0 | |a dejiny |
| 610 | 2 | 0 | |a účtovníctvo finančné |
| 610 | 2 | 0 | |a účtovníctvo daňové |
| 610 | 2 | 0 | |a kontroling |
| 100 | 1 | |a Král, Bohumil | |